Urban planning methods : research and policy analysis /

Bibliographic Details
Main Author: Bracken, Ian
Format: Book
Language:English
Published: London ; New York : Methuen, 1981.
Subjects:

MARC

Tag First Indicator Second Indicator Subfields
LEADER 00000pam a2200000 a 4500
001 in00000087475
005 20151008064813.0
008 810724s1981 enka b 00110 eng
010 |a  81013013  
019 |a 8298814 
020 |a 0416748600 :  |c $36.95 
020 |a 0416748708 (pbk.) :  |c $19.95 
035 |a (OCoLC)07739548 
035 |9 AAK4829AM 
039 0 |a 2  |b 3  |c 3  |d 3  |e 3 
040 |a DLC  |c DLC  |d TXA  |d UtOrBLW 
049 |a TXAM  |c [1442913] 
050 0 0 |a HT166  |b .B7 
082 0 |a 307.7/6/072  |2 19 
100 1 |a Bracken, Ian. 
245 1 0 |a Urban planning methods :  |b research and policy analysis /  |c Ian Bracken. 
264 1 |a London ;  |a New York :  |b Methuen,  |c 1981. 
300 |a xii, 400 pages :  |b illustrations ;  |c 24 cm. 
336 |a text  |b txt  |2 rdacontent 
337 |a unmediated  |b n  |2 rdamedia 
338 |a volume  |b nc  |2 rdacarrier 
504 |a Bibliography: pages 357-388. 
500 |a Includes indexes. 
650 0 |a City planning  |x Methodology. 
650 0 |a Cities and towns  |x Research. 
650 0 |a Urban policy  |x Methodology. 
999 |a MARS 
999 f f |s 5167756e-75c8-3ce1-9ad5-f5fd64252878  |i 5822d453-85d2-357c-81b2-89df79937e0d  |t 0 
952 f f |p normal  |a Texas A&M University  |b College Station  |c Sterling C. Evans Library  |s Evans stk  |d Evans: Library Stacks  |t 0  |e HT166 .B7  |h Library of Congress classification  |i unmediated -- volume  |m A14806144558 
998 f f |a HT166 .B7  |t 0  |l Evans: Library Stacks